000 00850nam a2200253Ia 4500
003 OSt
005 20221006143002.0
006 a|||||r|||| 00| 0
007 ta
008 221006b |||||||| |||| 00| 0 eng d
020 _cY1200.00
024 _a7,724
037 _bGift, Japan Foundation
_cTextual
040 _aEASL
_cEASL
_beng
041 _2eng
_aeng
082 _aHZ.42.N6, K3
110 _aJapan. International Trade and Industry (Ministry of --)
_9648887
245 0 _a1963 Census of mining and manufacturing industry of Japan
260 _aTokyo
_bResearch and Statistics Division Minister's Secretariat Ministry
_c1966
300 _a147p.
_ccm.
700 _aJapan. International Trade and Industry (Ministry of --)
_9648888
942 _hHZ.42.N6, K3
_cTEXL
_2CC
999 _c1075810
_d1075810